Normal view
MARC view
- Pir Mohammad Karam Shah
Entry Personal Name
001 - CONTROL NUMBER
- control field: 104402
003 - CONTROL NUMBER IDENTIFIER
- control field: NUST
005 - DATE AND TIME OF LATEST TRANSACTION
- control field: 20221208092644.0
008 - FIXED-LENGTH DATA ELEMENTS
- fixed length control field: 221208|| aca||aabn | a|a d
040 ## - CATALOGING SOURCE
- Original cataloging agency: NUST
- Transcribing agency: NUST
100 ## - HEADING--PERSONAL NAME
- Personal name: Pir Mohammad Karam Shah
670 ## - SOURCE DATA FOUND
- Source citation: Work cat.: (NUST)179256: Pir Mohammad Karam Shah, Zia-ul-Quran
